| 000 | 01049cam a22002895a 4500 | ||
|---|---|---|---|
| 999 |
_c7384 _d7384 |
||
| 003 | EG-ScBUE | ||
| 005 | 20200115114529.0 | ||
| 008 | 170917s1980 ua f b 000 0 ara d | ||
| 017 | _a1980 / 3949 | ||
| 040 |
_aEG-ScBUE _bara _erda _cEG-ScBUE _dEG-ScBUE |
||
| 082 | 0 | 4 |
_a809 _bف ض ل _222 |
| 100 | 1 |
_aفضل، صلاح، _d1938- _eمؤلف. |
|
| 245 | 1 | 0 |
_aنظرية البنائية في النقد الأدبي / _cدكتور صلاح فضل. |
| 250 | _aالطبعة الثانية. | ||
| 264 | 1 |
_a[القاهرة] : _bمكتبة الأنجلو المصرية، _c1980. |
|
| 300 |
_a505 صفحة ؛ _c24 سم |
||
| 336 |
_2rdacontent _aنص _btxt |
||
| 337 |
_2rdamedia _aبدون وسيط _bn |
||
| 338 |
_2rdacarrier _aمجلد _bnc |
||
| 504 | _aيشتمل على إرجاعات ببليوجرافية. | ||
| 590 | _abasantemad | ||
| 650 | 7 |
_aالبنيوية (أدب) _2BUEsh |
|
| 650 | 7 |
_aالأدب _xتاريخ ونقد. _2BUEsh _915991 |
|
| 653 |
_bARALIT _cSeptember2017 |
||
| 655 | _vReading book | ||
| 942 |
_cBB _k809 ف ض ل _2ddc |
||